| 000 | 00378nam a2200157Ia 4500 | ||
|---|---|---|---|
| 003 | OSt | ||
| 005 | 20240311141911.0 | ||
| 008 | 170523s9999 xx 000 0 und d | ||
| 020 | _a978-0749430771 | ||
| 040 | _ciimtu meerut | ||
| 100 | _aSEEKINGS- DAVID | ||
| 245 | 0 | _aCONFERENCE AND MEETINGS | |
| 260 | _bCREST PUBLICATION HOUSE N DELHI | ||
| 260 | _c2004 | ||
| 942 |
_2ddc _c02 |
||
| 999 |
_c1386 _d1386 |
||